Implementing Climate Change Measures in the EU [electronic resource] : Key Success Factors / by Merle Grobbel.
Record details
- ISBN: 9783531913285
- Physical Description: 430p. 55 illus. online resource.
- Publisher: Wiesbaden : VS Verlag für Sozialwissenschaften, 2009.
Search for related items by subject
| Subject: | Political science. Social Sciences, general. Political Science. |
Electronic resources
| LDR | 01258nam a22003375i 4500 | ||
|---|---|---|---|
| 001 | 20309 | ||
| 003 | CONS | ||
| 005 | 20131224041741.0 | ||
| 007 | cr nn 008mamaa | ||
| 008 | 100301s2009 gw | s |||| 0|eng d | ||
| 020 | . | ‡a9783531913285 ‡9978-3-531-91328-5 | |
| 024 | 7 | . | ‡a10.1007/978-3-531-91328-5 ‡2doi |
| 035 | . | ‡a(DE-He213)978-3-531-91328-5 | |
| 050 | 4. | ‡aJA1-92 | |
| 072 | 7. | ‡aJPA ‡2bicssc | |
| 072 | 7. | ‡aPOL000000 ‡2bisacsh | |
| 100 | 1 | . | ‡aGrobbel, Merle. ‡eauthor. |
| 245 | 1 | 0. | ‡aImplementing Climate Change Measures in the EU ‡h[electronic resource] : ‡bKey Success Factors / ‡cby Merle Grobbel. |
| 264 | 1. | ‡aWiesbaden : ‡bVS Verlag für Sozialwissenschaften, ‡c2009. | |
| 300 | . | ‡a430p. 55 illus. ‡bonline resource. | |
| 336 | . | ‡atext ‡btxt ‡2rdacontent | |
| 337 | . | ‡acomputer ‡bc ‡2rdamedia | |
| 338 | . | ‡aonline resource ‡bcr ‡2rdacarrier | |
| 347 | . | ‡atext file ‡bPDF ‡2rda | |
| 650 | 0. | ‡aPolitical science. | |
| 650 | 1 | 4. | ‡aSocial Sciences, general. |
| 650 | 2 | 4. | ‡aPolitical Science. |
| 710 | 2 | . | ‡aSpringerLink (Online service) |
| 773 | 0 | . | ‡tSpringer eBooks |
| 776 | 0 | 8. | ‡iPrinted edition: ‡z9783531162515 |
| 856 | 4 | 0. | ‡uhttp://biblioteca.ipicyt.edu.mx:2048/login?url=http://dx.doi.org/10.1007/978-3-531-91328-5 ‡yTexto completo ‡9CONS |
| 950 | . | ‡aHumanities, Social Sciences and Law (Springer-11648) | |
| 901 | . | ‡a20309 ‡b ‡c20309 ‡tbiblio ‡sSystem Local | |